| 000 | 00635nam a22001817a 4500 | ||
|---|---|---|---|
| 999 |
_c11963 _d11963 |
||
| 008 | 210908b ||||| |||| 00| 0 eng d | ||
| 020 | _a9789280117288 | ||
| 082 |
_a343.0786238 _bIMO |
||
| 100 | _aInternational Maritime Organization | ||
| 245 | _aIBC Code : international code for the construction and equipment of ships carrying dangerous chemicals in bulk | ||
| 250 | _a2020 Ed. | ||
| 260 |
_aLondon _bInternational Maritime Organization _c2020 |
||
| 300 | _av, 295p. | ||
| 650 | _aShipbuilding contracts | ||
| 650 | _aShips--Cargo--Safety regulations | ||
| 650 | _aChemicals--Transportation--Safety regulations | ||
| 942 | _cBK | ||